000 00601nam a2200229Ia 4500
003 OSt
005 20221007075654.0
006 a|||||r|||| 00| 0
007 ta
008 221006b |||||||| |||| 00| 0 eng d
024 _a23,901
037 _cTextual
040 _aFLL
_cFLL
_beng
041 _2eng
_aeng
082 _aZ2,2,4, M7
100 _aMehra P.N.
_9694106
245 0 _aSupreme Court on rent and eviction
260 _aNew Delhi
_bNew Law Agency India
_c1987
300 _alxiv,1-290p
_ccm.
942 _hZ2,2,4, M7
_cTEXL
_2CC
999 _c1156960
_d1156960